| 000 | 01523cam a22003251 4500 | ||
|---|---|---|---|
| 001 | l 33000119 | ||
| 003 | DLC | ||
| 005 | 20260227111534.0 | ||
| 008 | 790508s1933 dcua f000 0 eng c | ||
| 010 | _al 33000119 | ||
| 035 | _a(OCoLC)4939472 | ||
| 040 |
_aU.S. Dept. of Labor. Libr. _cNWM _dOCoLC _dDLC |
||
| 042 | _apremarc | ||
| 050 | 0 | 0 |
_aHD8501 _b.A62 |
| 082 | _a331.0973 | ||
| 110 | 1 |
_aUnited States. _bBureau of Labor Statistics. |
|
| 245 | 1 | 0 |
_aLabor through the century, 1833-1933. _bAn illustrated account as presented by the United States Department of Labor at the Century of Progress Exposition, Chicago, 1933. _cPrepared by the Bureau of Labor Statistics of the United States Department of Labor. |
| 260 |
_aWashington, _bU.S. Govt. print. off., _c1933. |
||
| 300 |
_aii, 45, [1] p. _billus. _c23 cm. |
||
| 490 | 0 |
_aBulletin ... _vno. 597 |
|
| 500 | _aIssued also as House doc. 160, 73d Cong., 2d sess. | ||
| 500 | _aAnother edition, without bulletin number, was issued for distribution at the Century of Progress Exposition. | ||
| 500 | _a"Activities of the United States Department of Labor." - p. 41-45, [l] | ||
| 500 | _aThe second edition is issued as Bulletin no. 605. | ||
| 650 | 0 |
_aLabor and laboring classes _zUnited States. |
|
| 650 | 0 |
_aLabor and laboring classes _xHistory. |
|
| 610 | 1 | 0 |
_aUnited States. _bDepartment of Labor. |
| 711 | 2 |
_aCentury of Progress International Exposition _d(1933-1934 : _cChicago, Ill.) |
|
| 740 | 0 | 2 | _aActivities of the United States Department of Labor. |
| 999 |
_c36106 _d36106 |
||